Normal view
MARC view
- Cooking-Parathay Achar Aur Chatnian
Entry Topical Term
001 - CONTROL NUMBER
- control field: 81589
003 - CONTROL NUMBER IDENTIFIER
- control field: NUST
005 - DATE AND TIME OF LATEST TRANSACTION
- control field: 20210822125405.0
008 - FIXED-LENGTH DATA ELEMENTS
- fixed length control field: 210822|| aca||aabn | a|a d
040 ## - CATALOGING SOURCE
- Original cataloging agency: NUST
- Transcribing agency: NUST
150 ## - HEADING--TOPICAL TERM
- Topical term or geographic name entry element: Cooking-Parathay Achar Aur Chatnian
670 ## - SOURCE DATA FOUND
- Source citation: Work cat.: (NUST)585954: Zakir Qureshi 81010, Parathay Achar Aur Chatnian, 2010
